North American cities with over 2 million pop metro - Statistics

General Stats
  • This quiz has been taken 41 times
  • The average score is 38 of 48
Answer Stats
Hint Answer % Correct
7,943,685 Dallas-Fort Worth
100%
7,340,118 Houston
100%
12,872,322 Los Angeles
100%
4,579,599 San Francisco
100%
6,373,756 Washington D.C
100%
9,441,957 Chicago
97%
6,139,340 Miami
97%
19,617,869 New york
97%
3,276,208 San Diego
97%
4,900,550 Boston
95%
2,655,342 San Antonio
95%
6,241,164 Philadelphia
92%
5,015,678 Phoenix
92%
6,222,106 Atlanta
89%
2,161,511 Columbus
89%
2,985,871 Denver
89%
2,426,160 Vancouver
89%
2,421,115 Austin
86%
4,345,761 Detroit
86%
2,141,779 Indianapolis
86%
21,804,515 Mexico City
86%
3,675,219 Montréal
86%
2,509,489 Portland
86%
4,034,248 Seattle
86%
5,647,656 Toronto
86%
2,835,672 Baltimore
84%
2,063,132 Cleveland
84%
2,764,182 Orlando
84%
2,265,051 Cincinnati
81%
2,322,985 Las Vegas
81%
2,801,319 St Louis
81%
3,290,730 Tampa
81%
2,756,069 Charlotte
78%
2,349,172 Pittsburgh
78%
3,693,729 Minneapolis
76%
2,209,494 Kansas City
73%
5,268,642 Guadalajara
70%
5,341,177 Monterey
70%
2,046,828 Nashville
68%
2,416,702 Sacramento
65%
2,157,853 Tijuana
65%
2,132,183 Havana
62%
2,934,931 Guatemala City
57%
2,581,827 Santo Domingo
54%
4,667,558 Riverside
49%
2,043,941 San Juan
41%
3,199,530 Puebla-Tlaxcala
35%
2,353,924 Toluca
19%
No matching quizzes found
Score Distribution
Percent of People with Each Score
Percentile by Number Answered
Your Score History
You have not taken this quiz